[Event "MCRE_SF10"]
[Site "?"]
[Date "2007.??.??"]
[Round "?"]
[White "Mezera, Lukas"]
[Black "Svrsek, Radomir"]
[Result "1/2-1/2"]
[WhiteElo "2285"]
[BlackElo "2159"]
[PlyCount "162"]
[EventDate "2007.??.??"]
[EventType "corr"]
[EventRounds "2"]
[SourceDate "2007.06.22"]

1. e4 e5 2. Nf3 Nc6 3. Bb5 a6 4. Ba4 Nf6 5. O-O Be7 6. Re1 b5 7. Bb3 d6 8. c3
O-O 9. h3 Na5 10. Bc2 c5 11. d4 Qc7 12. Nbd2 cxd4 13. cxd4 Nc6 14. Nb3 a5 15.
Be3 a4 16. Nbd2 Nb4 17. Bb1 Bd7 18. a3 Nc6 19. Bd3 exd4 20. Nxd4 Ne5 21. Bxb5
Bxb5 22. Nxb5 Qb7 23. Nc3 Nd3 24. Re2 d5 25. exd5 Nxd5 26. Nxd5 Qxd5 27. Nf3
Qb5 28. Nd4 Qa6 29. Rd2 Ne5 30. Nf5 Bf6 31. Rd6 Qb5 32. Nh6+ Kh8 33. Bd4 Be7
34. Rb6 Qd5 35. Nf5 Bf6 36. Bc3 Qc5 37. Qd6 Nf3+ 38. gxf3 Qxf5 39. Bxf6 gxf6
40. Qxf6+ Qxf6 41. Rxf6 Kg7 42. Rf4 Rfb8 43. Rb4 Kf6 44. Re1 Rxb4 45. axb4 Rg8+
46. Kf1 Rc8 47. Ra1 Rc2 48. Rxa4 Rxb2 49. Kg2 Rb3 50. Kg3 Kg7 51. h4 Kg6 52.
Ra6+ f6 53. Rb6 h5 54. Rb5 Kg7 55. Kf4 Kg6 56. Rb8 Rb1 57. b5 Rb4+ 58. Kg3 Kf7
59. b6 Kg6 60. b7 Kf5 61. Rh8 Rxb7 62. Rxh5+ Kg6 63. Ra5 Kh6 64. f4 Rg7+ 65.
Kf3 Rb7 66. Kg4 Rb6 67. f3 Rb7 68. Ra6 Kg7 69. h5 Rd7 70. Kf5 Rd5+ 71. Ke6 Rxh5
72. f5 Rh3 73. Ra7+ Kg8 74. Kxf6 Rxf3 75. Ra8+ Kh7 76. Ke6 Kg7 77. Ra7+ Kh6 78.
f6 Rb3 79. Ke7 Rb8 80. Kf7 Kh7 81. Rd7 Rb5 1/2-1/2

[Event "MCRE_SF10"]
[Site "?"]
[Date "2007.??.??"]
[Round "?"]
[White "Mezera, Lukas"]
[Black "Trs, Jan"]
[Result "1/2-1/2"]
[WhiteElo "2285"]
[BlackElo "2207"]
[PlyCount "73"]
[EventDate "2007.??.??"]
[EventType "corr"]
[EventRounds "2"]
[SourceDate "2007.06.22"]

1. e4 e5 2. Nf3 Nc6 3. d4 exd4 4. Nxd4 Nf6 5. Nxc6 bxc6 6. e5 Qe7 7. Qe2 Nd5 8.
c4 Ba6 9. b3 f6 10. g3 fxe5 11. Bg2 Qf6 12. O-O Bc5 13. Nd2 Bd4 14. Ne4 Qe7 15.
Bg5 Qe6 16. Be3 Nxe3 17. fxe3 Bxa1 18. Nc5 Bxc4 19. bxc4 Qe7 20. Na6 Rc8 21.
Rxa1 O-O 22. Qd3 Kh8 23. Rb1 Rf6 24. a4 Rcf8 25. Nxc7 d5 26. Na6 Qd6 27. cxd5
e4 28. Qd4 cxd5 29. Nc5 Rc8 30. Rc1 h6 31. Bh3 Rc7 32. a5 Qe7 33. Qxd5 Rd6 34.
Qf5 g6 35. Qf2 Rdc6 36. Qb2+ Kh7 37. Nb3 1/2-1/2

[Event "MCRE_SF10"]
[Site "?"]
[Date "2007.??.??"]
[Round "?"]
[White "Mezera, Lukas"]
[Black "Volek, Stanislav"]
[Result "1/2-1/2"]
[WhiteElo "2285"]
[BlackElo "2305"]
[PlyCount "134"]
[EventDate "2007.??.??"]
[EventType "corr"]
[EventRounds "2"]
[SourceDate "2007.06.22"]

1. Nf3 Nf6 2. c4 e6 3. Nc3 d5 4. d4 c6 5. Bg5 Nbd7 6. e3 Qa5 7. cxd5 Nxd5 8.
Qd2 Bb4 9. Rc1 h6 10. Bh4 c5 11. a3 Bxc3 12. bxc3 b6 13. Bd3 Bb7 14. O-O N5f6
15. Qe2 O-O 16. Nd2 cxd4 17. cxd4 Rfc8 18. Nc4 Qa4 19. f3 Rc6 20. Bg3 Rac8 21.
Nb2 Qb3 22. Rxc6 Bxc6 23. Rc1 Nf8 24. Qc2 Qd5 25. Qd2 Qd7 26. Nc4 Bb5 27. Ne5
Rxc1+ 28. Qxc1 Qe8 29. Bb1 Ba4 30. Qc4 Bb5 31. Qc2 Ba4 32. Qc1 N6d7 33. Nc6
Bxc6 34. Qxc6 Qe7 35. Bd6 Qg5 36. Kf2 e5 37. d5 Qh4+ 38. Kf1 Qg5 39. Qc3 Qf6
40. Bc7 Qh4 41. Bxe5 Nxe5 42. Qxe5 Qc4+ 43. Kf2 Qh4+ 44. Ke2 Qc4+ 45. Kd2 Qb3
46. Bc2 Qxa3 47. d6 b5 48. Qd5 Ne6 49. d7 Qa5+ 50. Ke2 Qc7 51. Bf5 Nd8 52. Qxb5
Qxh2 53. Bh3 Qc7 54. Qb3 a5 55. f4 Qb7 56. Qc3 Qb5+ 57. Kf2 a4 58. Qc7 Qb2+ 59.
Kg3 Qf6 60. Qc5 Qa6 61. Qc7 Qf6 62. Qa5 Qe7 63. Kf3 a3 64. e4 g6 65. e5 h5 66.
g3 Kh7 67. Kf2 Nc6 1/2-1/2

[Event "MCRE_SF10"]
[Site "?"]
[Date "2007.??.??"]
[Round "?"]
[White "Priesol, Daniel"]
[Black "Batka, Josef"]
[Result "1/2-1/2"]
[WhiteElo "2288"]
[BlackElo "2285"]
[PlyCount "53"]
[EventDate "2007.??.??"]
[EventType "corr"]
[EventRounds "2"]
[SourceDate "2007.06.22"]

1. d4 Nf6 2. Nf3 e6 3. c4 d5 4. Nc3 Bb4 5. e3 O-O 6. Bd3 c5 7. O-O Nc6 8. a3
Bxc3 9. bxc3 b6 10. cxd5 exd5 11. Ne5 Qc7 12. Nxc6 Qxc6 13. f3 Re8 14. a4 Bd7
15. Re1 Qc7 16. Ba3 c4 17. Bc2 Bc6 18. Qe2 Qd7 19. Bc1 g6 20. Qf2 Re6 21. Qg3
Nh5 22. Qh4 Rae8 23. Bd2 Qe7 24. Qxe7 R8xe7 25. Kf2 f5 26. h3 Ng7 27. Bc1
1/2-1/2

[Event "MCRE_SF10"]
[Site "?"]
[Date "2007.??.??"]
[Round "?"]
[White "Priesol, Daniel"]
[Black "Dedina, Miroslav"]
[Result "0-1"]
[WhiteElo "2288"]
[BlackElo "2195"]
[PlyCount "46"]
[EventDate "2007.??.??"]
[EventType "corr"]
[EventRounds "2"]
[SourceDate "2007.06.22"]

1. d4 Nf6 2. Nf3 e6 3. c4 b6 4. Nc3 Bb7 5. a3 d5 6. cxd5 Nxd5 7. Qc2 Nxc3 8.
Qxc3 Nd7 9. Bg5 Nf6 10. e3 Rc8 11. Qc2 Bd6 12. Ne5 c6 13. Ng4 h5 14. Nxf6+ gxf6
15. Bh4 c5 16. Qa4+ Ke7 17. f3 Rg8 18. Rd1 Qc7 19. e4 cxd4 20. g3 Rxg3 21. hxg3
Bxg3+ 22. Bxg3 Qxg3+ 23. Kd2 Qxf3 0-1

[Event "MCRE_SF10"]
[Site "?"]
[Date "2007.??.??"]
[Round "?"]
[White "Priesol, Daniel"]
[Black "Kratochvil, Vaclav"]
[Result "0-1"]
[WhiteElo "2288"]
[BlackElo "2227"]
[PlyCount "102"]
[EventDate "2007.??.??"]
[EventType "corr"]
[EventRounds "2"]
[SourceDate "2007.06.22"]

1. d4 d5 2. c4 e6 3. Nc3 Nf6 4. Nf3 c6 5. e3 Nbd7 6. Bd3 dxc4 7. Bxc4 b5 8. Bd3
a6 9. e4 c5 10. d5 c4 11. dxe6 fxe6 12. Bc2 Qc7 13. O-O Bb7 14. Nd4 Nc5 15. Be3
O-O-O 16. Qe2 e5 17. Nf3 Ne6 18. Rad1 Bc5 19. Nd5 Nxd5 20. exd5 Nf4 21. Bxf4
exf4 22. Bf5+ Kb8 23. Be6 Rhe8 24. Qc2 Be7 25. Qxh7 Bf6 26. Rd2 Qa5 27. Qf5
Qxa2 28. Qxf4+ Ka8 29. Qc7 Rb8 30. Ne5 Rbc8 31. Bxc8 Rxc8 32. Qd6 c3 33. Rc2
Rd8 34. Qb6 Qxd5 35. f4 Rd6 36. Qf2 cxb2 37. Rxb2 g5 38. Re2 gxf4 39. Rfe1 Qd4
40. Qxd4 Rxd4 41. Nf3 Rd5 42. Kf2 a5 43. Re6 Bc3 44. R1e4 a4 45. Rxf4 a3 46.
Re2 b4 47. Ra2 Ra5 48. Nd2 Bxd2 49. Rxd2 a2 50. Rd1 b3 51. Rb4 Bd5 0-1

[Event "MCRE_SF10"]
[Site "?"]
[Date "2007.??.??"]
[Round "?"]
[White "Priesol, Daniel"]
[Black "Mezera, Lukas"]
[Result "1/2-1/2"]
[WhiteElo "2288"]
[BlackElo "2285"]
[PlyCount "39"]
[EventDate "2007.??.??"]
[EventType "corr"]
[EventRounds "2"]
[SourceDate "2007.06.22"]

1. e4 e6 2. d4 d5 3. Nd2 dxe4 4. Nxe4 Nd7 5. Nf3 Ngf6 6. Nxf6+ Nxf6 7. Bd3 c5
8. dxc5 Bxc5 9. Qe2 O-O 10. Bg5 h6 11. Bh4 Qa5+ 12. c3 Nd5 13. Qd2 Be7 14. Bxe7
Nxe7 15. O-O Bd7 16. Qe2 Nd5 17. Ne5 Rad8 18. Qe4 Nf6 19. Qe3 Nd5 20. Qe4
1/2-1/2

[Event "MCRE_SF10"]
[Site "?"]
[Date "2007.??.??"]
[Round "?"]
[White "Priesol, Daniel"]
[Black "Svrsek, Radomir"]
[Result "1-0"]
[WhiteElo "2288"]
[BlackElo "2159"]
[PlyCount "91"]
[EventDate "2007.??.??"]
[EventType "corr"]
[EventRounds "2"]
[SourceDate "2007.06.22"]

1. d4 Nf6 2. Nf3 d5 3. c4 e6 4. Nc3 Bb4 5. e3 O-O 6. Bd3 c5 7. O-O dxc4 8. Bxc4
Nbd7 9. Qe2 cxd4 10. exd4 Nb6 11. Bb3 Bd7 12. Ne5 Rc8 13. Bd2 Bc6 14. Bg5 Qxd4
15. Rad1 Qc5 16. Nxc6 bxc6 17. Bxf6 gxf6 18. Ne4 Qf5 19. Bc2 Rcd8 20. Ng3 Qf4
21. Nh5 Qg5 22. Nxf6+ Qxf6 23. Qg4+ Kh8 24. Rxd8 Rxd8 25. Qxb4 Rg8 26. Be4 Nd5
27. Qd2 Rb8 28. b3 Qc3 29. Qh6 Qg7 30. Qc1 Qc3 31. Bxd5 Qxc1 32. Rxc1 cxd5 33.
Rc7 Kg7 34. Rxa7 Kf6 35. Kf1 Rc8 36. g4 h5 37. gxh5 Rh8 38. b4 Rxh5 39. b5 Rxh2
40. b6 Rh1+ 41. Ke2 Rh8 42. b7 Rb8 43. a4 Ke5 44. a5 Kd6 45. a6 Kc7 46. Ra8 1-0

[Event "MCRE_SF10"]
[Site "?"]
[Date "2007.??.??"]
[Round "?"]
[White "Priesol, Daniel"]
[Black "Trs, Jan"]
[Result "1/2-1/2"]
[WhiteElo "2288"]
[BlackElo "2207"]
[PlyCount "97"]
[EventDate "2007.??.??"]
[EventType "corr"]
[EventRounds "2"]
[SourceDate "2007.06.22"]

1. d4 Nf6 2. Nf3 g6 3. c4 Bg7 4. Nc3 d6 5. e4 O-O 6. Be2 e5 7. O-O Nc6 8. d5
Ne7 9. Ne1 Nd7 10. Nd3 f5 11. Bd2 Kh8 12. f3 f4 13. Rc1 Nb6 14. b3 c5 15. a3
Bd7 16. Nf2 Ng8 17. Re1 Rc8 18. Bd3 Qf6 19. Qe2 Nh6 20. Nb5 a6 21. Nc3 g5 22.
h3 Nf7 23. Rb1 Qd8 24. b4 Qc7 25. b5 Rb8 26. Rb2 h5 27. Bc2 g4 28. hxg4 hxg4
29. Nxg4 Bxg4 30. fxg4 Ng5 31. Rf1 Bh6 32. Rb3 Qh7 33. bxa6 bxa6 34. Nd1 Nd7
35. Rxb8 Rxb8 36. Nf2 Nf6 37. Ba5 Nf7 38. Rd1 Kg8 39. Rd3 Ng5 40. Bc3 Bg7 41.
Bd2 Qh4 42. Rc3 Rb7 43. Be1 Bh8 44. a4 Bg7 45. Nh3 Qh6 46. Bd2 Rb2 47. Nf2 Bf8
48. Be1 Be7 49. Ra3 1/2-1/2

[Event "MCRE_SF10"]
[Site "?"]
[Date "2007.??.??"]
[Round "?"]
[White "Priesol, Daniel"]
[Black "Volek, Stanislav"]
[Result "1/2-1/2"]
[WhiteElo "2288"]
[BlackElo "2305"]
[PlyCount "56"]
[EventDate "2007.??.??"]
[EventType "corr"]
[EventRounds "2"]
[SourceDate "2007.06.22"]

1. e4 e6 2. d4 d5 3. Nd2 c5 4. exd5 Qxd5 5. Ngf3 cxd4 6. Bc4 Qd6 7. O-O Nf6 8.
Nb3 Nc6 9. Nbxd4 Nxd4 10. Nxd4 Bd7 11. c3 Be7 12. Qf3 Qc7 13. Bb3 Bd6 14. h3
Be5 15. Re1 O-O 16. Bg5 h6 17. Bh4 Bxd4 18. cxd4 Bc6 19. Rac1 Qd6 20. Qd3 Nh5
21. Bc2 g6 22. Re5 Kh7 23. Qe3 Ng7 24. Rc5 Nf5 25. Bxf5 gxf5 26. Bg3 Qd8 27.
Bf4 Qf6 28. Be5 Qg5 1/2-1/2

[Event "MCRE_SF10"]
[Site "?"]
[Date "2007.??.??"]
[Round "?"]
[White "Svrsek, Radomir"]
[Black "Batka, Josef"]
[Result "1/2-1/2"]
[WhiteElo "2159"]
[BlackElo "2285"]
[PlyCount "114"]
[EventDate "2007.??.??"]
[EventType "corr"]
[EventRounds "2"]
[SourceDate "2007.06.22"]

1. d4 Nf6 2. c4 e6 3. Nf3 d5 4. Nc3 Bb4 5. Bg5 Nbd7 6. e3 c5 7. cxd5 exd5 8.
Be2 Qa5 9. O-O c4 10. Rc1 Bxc3 11. Rxc3 Ne4 12. Ra3 Qb4 13. Qc2 Nxg5 14. Nxg5
Nf6 15. Nf3 O-O 16. Ra4 Qd6 17. Ne5 a5 18. b4 b5 19. Rxa5 Rxa5 20. bxa5 Qa3 21.
Rb1 Qxa5 22. Nc6 Qa6 23. Ne7+ Kh8 24. Nxc8 Rxc8 25. Bf3 g6 26. h4 Kg7 27. g4
Qc6 28. g5 Ne4 29. a3 Re8 30. Bg2 h6 31. gxh6+ Kxh6 32. Qb2 c3 33. Qe2 Nd2 34.
Rd1 Kg7 35. Rxd2 cxd2 36. Qxd2 Rh8 37. Bf3 Rxh4 38. Qd3 g5 39. Bg2 Qc1+ 40. Qf1
Qc4 41. Qb1 Kf6 42. Qa1 Ke6 43. Qb1 f5 44. Bf3 g4 45. Bg2 Rh8 46. Qb2 Rb8 47.
Bf1 Qc7 48. Qe2 Rh8 49. Bg2 g3 50. Qxb5 Qc1+ 51. Qf1 gxf2+ 52. Kxf2 Qxf1+ 53.
Bxf1 Ra8 54. Kf3 Rxa3 55. Bg2 Ra2 56. Bf1 Kf6 57. Bg2 Rb2 1/2-1/2

[Event "MCRE_SF10"]
[Site "?"]
[Date "2007.??.??"]
[Round "?"]
[White "Svrsek, Radomir"]
[Black "Dedina, Miroslav"]
[Result "1/2-1/2"]
[WhiteElo "2159"]
[BlackElo "2195"]
[PlyCount "49"]
[EventDate "2007.??.??"]
[EventType "corr"]
[EventRounds "2"]
[SourceDate "2007.06.22"]

1. e4 c5 2. Nf3 d6 3. d4 cxd4 4. Nxd4 Nf6 5. Nc3 Nc6 6. Be2 e5 7. Nf3 h6 8. Bc4
Be7 9. O-O O-O 10. Qe2 Bg4 11. Be3 Rc8 12. Rad1 Na5 13. Bd3 Be6 14. Nd2 a6 15.
a3 b5 16. h3 Nc4 17. Bxc4 bxc4 18. Rfe1 Qd7 19. Nf1 Rb8 20. Bc1 Rfc8 21. Qf3
Bd8 22. Re2 Ba5 23. Ng3 Kh7 24. Red2 Rc6 25. Nge2 1/2-1/2

[Event "MCRE_SF10"]
[Site "?"]
[Date "2007.??.??"]
[Round "?"]
[White "Svrsek, Radomir"]
[Black "Kratochvil, Vaclav"]
[Result "1-0"]
[WhiteElo "2159"]
[BlackElo "2227"]
[PlyCount "93"]
[EventDate "2007.??.??"]
[EventType "corr"]
[EventRounds "2"]
[SourceDate "2007.06.22"]

1. e4 c5 2. Nf3 d6 3. d4 cxd4 4. Nxd4 Nf6 5. Nc3 Nc6 6. Bc4 e6 7. Be3 Be7 8.
Be2 O-O 9. O-O d5 10. exd5 exd5 11. Qd3 Re8 12. Rae1 a6 13. a3 Bd6 14. Bg5 Nxd4
15. Qxd4 Be5 16. Qd3 Bxc3 17. bxc3 Be6 18. Qd4 h6 19. Bh4 g5 20. Bg3 Ne4 21. f4
Nxg3 22. hxg3 Rc8 23. Bd3 Rc6 24. f5 Bc8 25. Rxe8+ Qxe8 26. Qxd5 Rxc3 27. Kh2
Rc6 28. f6 Bd7 29. c4 Qe6 30. Qa5 Rc8 31. Rf5 Re8 32. Rxg5+ Kh8 33. Rf5 Qe3 34.
Rh5 b6 35. Qd5 Be6 36. Qc6 Bg4 37. Rh4 Rc8 38. Qd6 Qg5 39. Qd4 Be6 40. c5 bxc5
41. Qe4 Kg8 42. Qh7+ Kf8 43. Qh8+ Qg8 44. Qxh6+ Ke8 45. Be4 Kd8 46. Qd2+ Kc7
47. Rh5 1-0

[Event "MCRE_SF10"]
[Site "?"]
[Date "2007.??.??"]
[Round "?"]
[White "Svrsek, Radomir"]
[Black "Mezera, Lukas"]
[Result "1/2-1/2"]
[WhiteElo "2159"]
[BlackElo "2285"]
[PlyCount "131"]
[EventDate "2007.??.??"]
[EventType "corr"]
[EventRounds "2"]
[SourceDate "2007.06.22"]

1. e4 c5 2. Nf3 d6 3. d4 cxd4 4. Nxd4 Nf6 5. Nc3 a6 6. Be3 e5 7. Nb3 Be6 8. Qd2
Be7 9. Be2 Nbd7 10. O-O O-O 11. a4 Rc8 12. a5 Qc7 13. Rfd1 Rfd8 14. Bf3 h6 15.
Qe2 Bc4 16. Qe1 Nc5 17. Nd2 Be6 18. Nf1 b6 19. axb6 Qxb6 20. Bd2 Qb7 21. b4
Ncd7 22. Ne3 Nb6 23. Ncd5 Nfxd5 24. exd5 Bd7 25. Be4 Nc4 26. Bd3 Bb5 27. Nxc4
Bxc4 28. Qe4 Bxd3 29. Qxd3 Rd7 30. c4 Rdc7 31. Rac1 Qb6 32. Be1 Bg5 33. Rc2 Be7
34. Qe4 f5 35. Qe2 Kh7 36. h3 g6 37. Ra1 Qb7 38. Raa2 e4 39. Ra4 Bg5 40. g3 h5
41. Kg2 h4 42. gxh4 Bxh4 43. Bd2 Be7 44. Kh2 Kg7 45. Bc1 Bf6 46. Bf4 Rd7 47.
Qe3 Kf7 48. Rc1 Rh8 49. Bg5 Be5+ 50. Kg2 Rh5 51. Bf4 Bf6 52. c5 Qxd5 53. c6 Rc7
54. Rxa6 g5 55. Qd2 Qb3 56. Be3 Qe6 57. Qa2 f4 58. Qxe6+ Kxe6 59. b5 f3+ 60.
Kf1 Rxh3 61. Ke1 Rh1+ 62. Kd2 Rxc1 63. Kxc1 d5 64. Kd2 Be5 65. Ra8 d4 66. Bxg5
1/2-1/2

[Event "MCRE_SF10"]
[Site "?"]
[Date "2007.??.??"]
[Round "?"]
[White "Svrsek, Radomir"]
[Black "Priesol, Daniel"]
[Result "1/2-1/2"]
[WhiteElo "2159"]
[BlackElo "2288"]
[PlyCount "122"]
[EventDate "2007.??.??"]
[EventType "corr"]
[EventRounds "2"]
[SourceDate "2007.06.22"]

1. Nf3 Nf6 2. e4 Nxe4 3. Be2 d5 4. O-O e6 5. d3 Nf6 6. Nc3 c5 7. d4 cxd4 8.
Nxd4 Nc6 9. Qd3 Bc5 10. Nxc6 bxc6 11. Qg3 O-O 12. Bf4 Ne8 13. Bd3 Bd6 14. Rae1
Bxf4 15. Qxf4 c5 16. b3 Qa5 17. Re3 g6 18. Ne2 Qxa2 19. Qg5 Ba6 20. c4 dxc4 21.
bxc4 Bxc4 22. Nc1 Qa6 23. Rh3 Bxd3 24. Nxd3 Qd6 25. Nxc5 f5 26. Qe3 Ng7 27. Qc1
Rac8 28. Rc3 Rfd8 29. Nb7 Rxc3 30. Qxc3 Qd4 31. Qc7 Rd5 32. Qc8+ Kf7 33. Na5
Qb6 34. Nc4 Qc5 35. Qb7+ Qe7 36. Qb8 Rd8 37. Qe5 Kg8 38. Ra1 Rc8 39. Nd2 Qb7
40. Qa5 Rc7 41. h3 Qc8 42. Nb3 g5 43. Qe1 a6 44. Nd4 h6 45. Nf3 Rc5 46. Qd2 Ne8
47. Qe3 Rc6 48. Re1 Ng7 49. Ne5 Rc2 50. Qa7 Rc7 51. Qe3 Kh7 52. Rd1 Qb7 53. Qd2
Rc8 54. Qa2 Qb5 55. Nd7 Qc4 56. Qa1 Qb3 57. Nf6+ Kg6 58. Nd7 Rc3 59. Nf8+ Kf7
60. Nd7 Qa3 61. Qb1 Qb3 1/2-1/2

[Event "MCRE_SF10"]
[Site "?"]
[Date "2007.??.??"]
[Round "?"]
[White "Svrsek, Radomir"]
[Black "Trs, Jan"]
[Result "1-0"]
[WhiteElo "2159"]
[BlackElo "2207"]
[PlyCount "109"]
[EventDate "2007.??.??"]
[EventType "corr"]
[EventRounds "2"]
[SourceDate "2007.06.22"]

1. e4 c6 2. d4 d5 3. e5 Bf5 4. Nf3 e6 5. c3 Nd7 6. Be2 Ne7 7. Nbd2 Ng6 8. Nf1
Be4 9. Ng3 Bxf3 10. Bxf3 Be7 11. O-O O-O 12. Qb3 Qc7 13. Bg4 Bh4 14. f4 Bxg3
15. hxg3 Ne7 16. Be3 c5 17. Be2 f6 18. Qa3 Nf5 19. Bf2 fxe5 20. dxe5 Nh6 21. c4
d4 22. Be1 Nb6 23. Bd2 Rad8 24. Qd3 Qf7 25. g4 Qg6 26. g5 Nf5 27. Qh3 Ne3 28.
Bxe3 dxe3 29. b3 Rd4 30. Bh5 Qf5 31. Bg4 Qe4 32. Rfe1 Rd3 33. g3 Rd2 34. Bxe6+
Kh8 35. Bg4 Qd3 36. Qh1 Rb8 37. e6 g6 38. Qf3 Nc8 39. Rad1 Ne7 40. Qxe3 Qxe3+
41. Rxe3 Rxd1+ 42. Bxd1 Rd8 43. Bf3 b6 44. Re5 Kg7 45. Rd5 Nxd5 46. cxd5 Kf8
47. g4 Ke7 48. f5 gxf5 49. gxf5 Rg8 50. f6+ Kd6 51. Be4 Rxg5+ 52. Kf2 Rg8 53.
Ke3 Rf8 54. e7 Re8 55. Bxh7 1-0

[Event "MCRE_SF10"]
[Site "?"]
[Date "2007.??.??"]
[Round "?"]
[White "Svrsek, Radomir"]
[Black "Volek, Stanislav"]
[Result "0-1"]
[WhiteElo "2159"]
[BlackElo "2305"]
[PlyCount "114"]
[EventDate "2007.??.??"]
[EventType "corr"]
[EventRounds "2"]
[SourceDate "2007.06.22"]

1. e4 e6 2. d4 d5 3. e5 c5 4. c3 Nc6 5. Nf3 Qb6 6. Bd3 cxd4 7. cxd4 Bd7 8. O-O
Nxd4 9. Nxd4 Qxd4 10. Qe2 Ne7 11. Nd2 Ng6 12. Nf3 Qb6 13. h4 Qb4 14. h5 Nf4 15.
Bxf4 Qxf4 16. Rfc1 Be7 17. Rc7 Qb4 18. a3 Qb6 19. Rc3 f5 20. Qd1 O-O 21. h6 g6
22. Rb3 Qd8 23. Qd2 b6 24. Re1 g5 25. Nd4 g4 26. Bb5 Rc8 27. Bxd7 Qxd7 28. Rd3
Bh4 29. Rc1 Rxc1+ 30. Qxc1 Rc8 31. Qe3 Kf7 32. f3 Rg8 33. Rc3 gxf3 34. Nxf3 Bd8
35. Qc1 Rg4 36. Rc6 b5 37. b3 Bb6+ 38. Kf1 Rc4 39. Qg5 Qxc6 40. bxc4 Qxc4+ 41.
Ke1 d4 42. Qg7+ Ke8 43. Qg8+ Kd7 44. Qxh7+ Kc6 45. Qg8 Kb7 46. Kf2 d3+ 47. Kg3
Be3 48. h7 Qf4+ 49. Kh3 Qh6+ 50. Kg3 Qh5 51. Nh4 d2 52. Qg7+ Kb6 53. h8=Q Qxh8
54. Qxh8 d1=Q 55. Nf3 Ka5 56. Qc8 Qb3 57. Kh3 Qc4 0-1

[Event "MCRE_SF10"]
[Site "?"]
[Date "2007.??.??"]
[Round "?"]
[White "Trs, Jan"]
[Black "Batka, Josef"]
[Result "1/2-1/2"]
[WhiteElo "2207"]
[BlackElo "2285"]
[PlyCount "101"]
[EventDate "2007.??.??"]
[EventType "corr"]
[EventRounds "2"]
[SourceDate "2007.06.22"]

1. d4 Nf6 2. c4 e6 3. Nf3 d5 4. Nc3 Bb4 5. e3 O-O 6. Bd3 c5 7. O-O Nc6 8. a3
Bxc3 9. bxc3 dxc4 10. Bxc4 Qc7 11. Ba2 e5 12. h3 e4 13. Nh2 Na5 14. c4 cxd4 15.
exd4 Nxc4 16. Qe2 Nd6 17. Bg5 Qe7 18. Rac1 h6 19. Bh4 Nf5 20. Bxf6 Qxf6 21.
Qxe4 Qxd4 22. Qc2 Qd6 23. Qe4 Qxa3 24. Bb1 g6 25. Ng4 Qb2 26. Rfd1 h5 27. Ne5
a5 28. Rc2 Qb4 29. Qxb4 axb4 30. Rb2 Kg7 31. Rxb4 Re8 32. Nc4 Ra1 33. Kh2 Be6
34. Nb2 Nd6 35. Rxd6 Rxb1 36. Rxb7 Bc8 37. Rbb6 Re2 38. Nd1 Rxb6 39. Rxb6 Rd2
40. Rb1 Bf5 41. Ra1 g5 42. Kg1 h4 43. Ne3 Be6 44. Ra6 Rb2 45. Kf1 Kf6 46. Ng4+
Kg6 47. Ne3 Kg7 48. Rd6 Ra2 49. Kg1 Ra1+ 50. Kh2 Kg6 51. Rb6 1/2-1/2

[Event "MCRE_SF10"]
[Site "?"]
[Date "2007.??.??"]
[Round "?"]
[White "Trs, Jan"]
[Black "Dedina, Miroslav"]
[Result "0-1"]
[WhiteElo "2207"]
[BlackElo "2195"]
[PlyCount "104"]
[EventDate "2007.??.??"]
[EventType "corr"]
[EventRounds "2"]
[SourceDate "2007.06.22"]

1. d4 Nf6 2. c4 e6 3. Nf3 b6 4. g3 Bb7 5. Bg2 Be7 6. O-O O-O 7. Nc3 Ne4 8. Bd2
f5 9. Qc2 Bf6 10. Rad1 Nxd2 11. Qxd2 Qe7 12. Rfe1 d5 13. cxd5 exd5 14. b4 c6
15. b5 cxb5 16. Nxb5 Nc6 17. Nc3 Rfd8 18. Qf4 Rac8 19. Rc1 g6 20. g4 fxg4 21.
Qxg4 Kg7 22. e3 Nb4 23. Bf1 Rd7 24. a3 Rdc7 25. axb4 Rxc3 26. Ra1 Ra8 27. b5
Bc8 28. Qf4 Be6 29. Ne5 Bg5 30. Qg3 Bh4 31. Qg2 Rf8 32. Re2 Rfc8 33. Rea2 R8c7
34. Nc6 Qf7 35. h3 Qf5 36. Rxa7 Rxa7 37. Rxa7+ Kh8 38. Ra2 Rc1 39. Na5 Qb1 40.
Nb3 Qxb3 41. Ra8+ Kg7 42. Ra7+ Kh6 43. Qh2 Bf5 44. Qf4+ Bg5 45. Rxh7+ Kxh7 46.
Qxg5 Qxb5 47. Qe7+ Kg8 48. Qd8+ Kf7 49. Qc7+ Rxc7 50. Bxb5 Bxh3 51. Ba4 Rc1+
52. Kh2 Bf1 0-1

[Event "MCRE_SF10"]
[Site "?"]
[Date "2007.??.??"]
[Round "?"]
[White "Trs, Jan"]
[Black "Kratochvil, Vaclav"]
[Result "1/2-1/2"]
[WhiteElo "2207"]
[BlackElo "2227"]
[PlyCount "102"]
[EventDate "2007.??.??"]
[EventType "corr"]
[EventRounds "2"]
[SourceDate "2007.06.22"]

1. d4 d5 2. c4 e6 3. Nc3 Nf6 4. Bg5 Be7 5. e3 O-O 6. Nf3 Nbd7 7. Rc1 c6 8. Bd3
dxc4 9. Bxc4 Nd5 10. Bxe7 Qxe7 11. O-O Nxc3 12. Rxc3 e5 13. Qc2 exd4 14. exd4
Nb6 15. Re1 Qd8 16. Bb3 Nd5 17. Bxd5 Qxd5 18. Re5 Qd6 19. Ng5 g6 20. Qa4 Bf5
21. h3 Rad8 22. Nf3 a6 23. Qb3 Rd7 24. Rce3 Be6 25. Qc2 Bd5 26. Nd2 f6 27. Ne4
Bxe4 28. R5xe4 f5 29. Qb3+ Qd5 30. Re5 Qxb3 31. Rxb3 Kg7 32. g3 h5 33. Kg2 Kf6
34. f4 Rff7 35. Rd3 Rd6 36. Kf3 Rfd7 37. Ke3 h4 38. g4 fxg4 39. hxg4 h3 40. Rd2
b6 41. b4 Rh7 42. Rh2 Re6 43. Ke4 Rxe5+ 44. dxe5+ Kf7 45. f5 Rh4 46. Kf3 c5 47.
Kg3 g5 48. bxc5 bxc5 49. Kf3 Ke7 50. Ke3 Kf7 51. Kd3 Ke7 1/2-1/2

[Event "MCRE_SF10"]
[Site "?"]
[Date "2007.??.??"]
[Round "?"]
[White "Trs, Jan"]
[Black "Mezera, Lukas"]
[Result "1-0"]
[WhiteElo "2207"]
[BlackElo "2285"]
[PlyCount "100"]
[EventDate "2007.??.??"]
[EventType "corr"]
[EventRounds "2"]
[SourceDate "2007.06.22"]

1. c4 e5 2. Nc3 Nf6 3. Nf3 Nc6 4. g3 Bc5 5. Bg2 d6 6. O-O a6 7. d3 O-O 8. a3 h6
9. b4 Ba7 10. Bb2 Be6 11. Nd2 d5 12. cxd5 Nxd5 13. Na4 a5 14. b5 Nd4 15. Nc4 f6
16. Bxd4 Bxd4 17. Rb1 Qe7 18. e3 Bc5 19. Qc2 Rfe8 20. Rfc1 Red8 21. Be4 Ba7 22.
Bxd5 Bxd5 23. b6 cxb6 24. Naxb6 Bxb6 25. Nxb6 Rab8 26. Nxd5 Rxd5 27. Qc4 Qf7
28. a4 Rd7 29. Qxf7+ Kxf7 30. Rb3 Ke6 31. Kf1 b6 32. Ke2 Kd6 33. f4 exf4 34.
gxf4 Rc7 35. Rxc7 Kxc7 36. Rb5 Rc8 37. f5 Kb7 38. Kd2 Rc6 39. Rd5 Kc7 40. e4
Kc8 41. Rb5 Kb7 42. h4 Kc7 43. Rb1 Kb7 44. Rc1 Rd6 45. Rc4 Rd8 46. h5 b5 47.
Rc5 Rd4 48. Rxb5+ Ka6 49. Rb8 Rxa4 50. Rg8 Rb4 {PCL} 1-0

[Event "MCRE_SF10"]
[Site "?"]
[Date "2007.??.??"]
[Round "?"]
[White "Trs, Jan"]
[Black "Priesol, Daniel"]
[Result "1/2-1/2"]
[WhiteElo "2207"]
[BlackElo "2288"]
[PlyCount "44"]
[EventDate "2007.??.??"]
[EventType "corr"]
[EventRounds "2"]
[SourceDate "2007.06.22"]

1. c4 Nf6 2. Nf3 e6 3. Nc3 d5 4. d4 Bb4 5. e3 O-O 6. Bd3 c5 7. O-O dxc4 8. Bxc4
Nbd7 9. Qe2 cxd4 10. exd4 Nb6 11. Bd3 h6 12. Ne4 Nbd5 13. Ne5 Nxe4 14. Qxe4 f5
15. Qf3 Qb6 16. Be3 Bd6 17. Rfd1 Rd8 18. Nc4 Qc7 19. Nxd6 Qxd6 20. Bc4 Bd7 21.
Bxd5 Qxd5 22. Qg3 Kh7 1/2-1/2

[Event "MCRE_SF10"]
[Site "?"]
[Date "2007.??.??"]
[Round "?"]
[White "Trs, Jan"]
[Black "Svrsek, Radomir"]
[Result "1/2-1/2"]
[WhiteElo "2207"]
[BlackElo "2159"]
[PlyCount "94"]
[EventDate "2007.??.??"]
[EventType "corr"]
[EventRounds "2"]
[SourceDate "2007.06.22"]

1. d4 Nf6 2. c4 e6 3. Nc3 Bb4 4. Qc2 O-O 5. a3 Bxc3+ 6. Qxc3 Ne4 7. Qc2 f5 8.
Nh3 d6 9. f3 Nf6 10. e3 e5 11. dxe5 dxe5 12. Be2 Nc6 13. O-O a5 14. Bd2 f4 15.
Nf2 fxe3 16. Bxe3 Nd4 17. Bxd4 exd4 18. Rae1 c5 19. Bd3 Qc7 20. Re2 Bd7 21.
Rfe1 Rae8 22. Ne4 Nxe4 23. Bxe4 h6 24. b3 Qb8 25. Bd5+ Kh8 26. Rxe8 Rxe8 27.
Rxe8+ Qxe8 28. Qe4 b6 29. h4 Qxe4 30. Bxe4 b5 31. Bd3 bxc4 32. bxc4 g5 33. hxg5
hxg5 34. Kf2 Kg7 35. Ke2 Be6 36. g3 Kf6 37. Ke1 Ke5 38. Kd2 a4 39. Be2 Bh3 40.
Bd3 Bd7 41. Bc2 Be8 42. Bd1 Bc6 43. Ke2 Kf6 44. Bc2 Be8 45. Be4 Bd7 46. Bb7 Ke6
47. Ba6 Kd6 1/2-1/2